| 000 | 00885 am a2200289ua 4500 | ||
|---|---|---|---|
| 001 | 011943290 | ||
| 005 | 20160609114342.0 | ||
| 008 | 010604r20001996enka frb f001 0 eng d | ||
| 020 | _a9780192853905 (pbk) | ||
| 035 | _a(UkCU)c900202245 | ||
| 040 |
_aUkCU _beng _dUk _dEG-ScBUE |
||
| 082 | 0 | 4 |
_a296 _bSOL _222 |
| 100 | 1 |
_aSolomon, Norman, _d1933- _939724 |
|
| 245 | 1 | 0 |
_aJudaism : _ba very short introduction / _cNorman Solomon. |
| 250 | _a1st ed., Reprinted ed. | ||
| 260 |
_aOxford : _bOxford University Press, _c2000. |
||
| 300 |
_a160 p. : _bill. ; _c18 cm. |
||
| 490 | 0 |
_aVery short introductions ; _vv. 14 |
|
| 500 | _aOriginally published : 1996. | ||
| 500 | _aReprint of the 1996 ed. | ||
| 500 | _aIndex : p. 149-160. | ||
| 504 | _aIncludes bibliographical references. | ||
| 650 | 0 |
_aJudaism. _2BUEsh |
|
| 651 | _2BUEsh | ||
| 653 |
_bEEENG _cMarch2016 |
||
| 942 | _2ddc | ||
| 999 |
_c21551 _d21523 |
||